000 00749cab a22002175a 4500
001 L159969
008 150113e2016 xxk 000 0 eng d
035 _a(Sirsi) u159969
041 0 _aeng
050 _a333.3307 $2 18
100 1 _aCraig, Ewan
245 0 0 _aSave your energy
_h[electronic resource]
260 _aLondon
_bRICS
_c2016
490 _aRICS Building Surveying Journal
_vDecember 2016 - January 2017, 26(1)
520 _aOffers guidance on the Sustainability competency.
650 2 4 _aCOMPETENCIES
650 2 4 _aAPC
_96216
690 _aBuilding surveying
_96225
856 4 0 _uhttps://www.rics.org/Global/Building_Surveying_Journal_December_2016_January_2017.pdf
_zView the article free of charge at www.rics.org...
942 _n0
999 _c85090
_d85090